O nových prvkoch v slovnej zásobe

Podrobná bibliografia
Hlavný autor: Kopina, Ján, 1942- (Autor)
Médium: Článok
Jazyk:slovenčina
Predmet:

MARC

LEADER 00000nab a2200000 a 4500
001 vtls000437758
003 SK-MaSNL
005 20260303201144.0
008 230120c1991 xo 0 slo
015 |a SNBRB19rr/mm-uuuuu 
035 |a CL0437886 
035 |a urn:nbn:sk:snk-ab1nhe 
035 |a (urnnbn)urn:nbn:sk:snk:ar-004mm0 
035 |a (uuid)39ff2af1-fdeb-48c5-b5dd-dd4e42120ae0 
040 |a SNKBUCL  |b slo  |c SNKBUCL  |e AACR2 
041 0 |a slo 
044 |a xo  |c SK 
080 |a 801.316.1:808.54  |2 1981 
080 |a 808.54  |2 1981 
100 1 |a Kopina, Ján,  |d 1942-  |4 aut  |9 106920 
245 1 0 |a O nových prvkoch v slovnej zásobe  |c Ján Kopina 
650 0 7 |a slovenčina  |2 snkbucl  |9 1350 
650 0 7 |a lexikológia  |2 snkbucl  |9 866 
650 0 7 |a neologizmy  |2 snkbucl  |9 17678 
655 7 |a články z novín a časopisov  |2 snkbucl  |9 267496 
773 0 |t Kultúra slova  |g Roč. 25, č. 7 (1991), s. 255-256 
850 |a Slovenská národná knižnica v Martine  |a MTA001 
852 |a SNK  |b KIS3GCP 
954 |a odborná, vedecká literatúra pôvodná (slovenská)  |2 lita 
958 |a OND 
958 |a RK 
958 |a EUIPO 
958 |a article27 
992 |a RBX 
999 |c 2172186  |d 2174116